| 000 | 01012 a2200229 4500 | ||
|---|---|---|---|
| 005 | 20260417112813.0 | ||
| 008 | 260417b |||||||| |||| 00| 0 eng d | ||
| 020 | _a9789370449107 | ||
| 040 |
_aCSL _cCSL |
||
| 041 |
_2eng. _aeng. |
||
| 084 |
_aE1 R6 carc _qCSL |
||
| 100 |
_aKumari, Sanju _91132144 _eauthor. |
||
| 245 | _aConcepts in inorganic chemistry | ||
| 260 |
_bAsia Publishers and Distributors , _c2026 . _aNew Delhi : |
||
| 300 |
_aix, 270p. _b: ill. _c; 23cm. |
||
| 500 | _aIncludes bibliography and index | ||
| 520 | _aThis book builds the foundation of organic chemistry in a simple and clear way. It explains core ideas like bonding, resonance, reaction mechanisms, intermediates, and types of reactions so students understand how and why reactions happen, not just memorize them. | ||
| 650 |
_aOsmotic pressure. _91235011 |
||
| 650 |
_aCatalysis. _91235012 |
||
| 650 |
_aClausius-clapeyron relation. _91235013 |
||
| 942 |
_cTEXL _2CC _hE1 R6 carc |
||
| 999 |
_c1715488 _d1715488 |
||